Plants that belong to pine family (Pinaceae ) - sudden death - Statistics

General Stats
  • This quiz has been taken 38 times
    37 since last reset
  • The average score is 4 of 14
Answers on the Grid
Answers color-coded by a green-red scale on the quiz's grid according to % correct below.
European Spruce
Sago cycad
Lebanese cedar
Stone pine
Gingko
European silver fir
Douglas fir
Common yew
Aleppo pine
Common juniper
European ash
Coastal redwood
Golden larch
Sycamore maple
European larch
Hemlock tree (Tsuga)
Northern red oak
Coconut
Black pine
Bunya pine
Table mountain pine
Serbian spruce/omorika
Mediterranean cypress
Giant fir/Oregon fir
Bald cypress
Scots pine/European red pine
Giant sequoia
Giant arbovitae
 
Answer Stats
Answer % Correct
European Spruce
76%
Stone pine
72%
Douglas fir
44%
European silver fir
44%
Aleppo pine
40%
Lebanese cedar
32%
Black pine
24%
Table mountain pine
20%
Hemlock tree (Tsuga)
16%
Scots pine/European red pine
16%
Serbian spruce/omorika
16%
European larch
12%
Giant fir/Oregon fir
12%
Golden larch
12%
No matching quizzes found
Score Distribution
Percent of People with Each Score
Percentile by Number Answered
Your Score History
You have not taken this quiz since the last reset